Southville International School and Colleges
Your cart is empty.
  • Cart
  • Lists
    Public lists Eva Luna New books Lux_list list_1
    Your lists Log in to create your own lists
  • Log in to your account
  • Your cookies
  • Search history
Southville International School and Colleges
  • Advanced search
  • Recent comments
  • Most popular
  • Libraries

Log in to your account

Log in with GOOGLE


If you do not have an external account, but do have a local account, you can still log in:

  1. Home
  2. MARC view: Philosophy of education in Philippine setting /
Normal view MARC view ISBD view

Philosophy of education in Philippine setting / (Record no. 345386)

[ view plain ]
MARC details
000 -LEADER
fixed length control field 00769nam a2200289Ia 4500
008 - FIXED-LENGTH DATA ELEMENTS--GENERAL INFORMATION
fixed length control field 171120s9999 xx 000 0 und d
020 ## - INTERNATIONAL STANDARD BOOK NUMBER
International Standard Book Number 9718711139
050 ## - LIBRARY OF CONGRESS CALL NUMBER
Classification number 370.1
050 ## - LIBRARY OF CONGRESS CALL NUMBER
Item number G821 2007
100 ## - MAIN ENTRY--PERSONAL NAME
Personal name Gregorio, Herman C.
245 ## - TITLE STATEMENT
Title Philosophy of education in Philippine setting /
245 ## - TITLE STATEMENT
Statement of responsibility, etc by Herman C. Gregorio and Cornelia M. Gregorio.
260 ## - PUBLICATION, DISTRIBUTION, ETC. (IMPRINT)
Place of publication, distribution, etc Philippines :
260 ## - PUBLICATION, DISTRIBUTION, ETC. (IMPRINT)
Name of publisher, distributor, etc Garotech,
260 ## - PUBLICATION, DISTRIBUTION, ETC. (IMPRINT)
Date of publication, distribution, etc 2007
300 ## - PHYSICAL DESCRIPTION
Extent 181 pages :
300 ## - PHYSICAL DESCRIPTION
Other physical details illustrations ;
300 ## - PHYSICAL DESCRIPTION
Dimensions 22cm.
500 ## - GENERAL NOTE
General note Includes appendix and index.
650 ## - SUBJECT ADDED ENTRY--TOPICAL TERM
Topical term or geographic name as entry element Education --
650 ## - SUBJECT ADDED ENTRY--TOPICAL TERM
Topical term or geographic name as entry element Education --
650 ## - SUBJECT ADDED ENTRY--TOPICAL TERM
Topical term or geographic name as entry element Education.
650 ## - SUBJECT ADDED ENTRY--TOPICAL TERM
General subdivision Philippines.
650 ## - SUBJECT ADDED ENTRY--TOPICAL TERM
General subdivision Philosophy -- History.
700 ## - ADDED ENTRY--PERSONAL NAME
Personal name Gregorio, Cornelia M.
700 ## - ADDED ENTRY--PERSONAL NAME
Personal name Title.
Holdings
Withdrawn status Lost status Damaged status Home library Current library Date acquired Total Checkouts Full call number Barcode Date last seen Price effective from Koha item type
      Stonyhurst Southville International School (Malarayat) Stonyhurst Southville International School (Malarayat) 11/20/2017   FIL 370.1 G821 2007 SSISM4430 11/20/2017 11/20/2017 Books

Philosophy of education in Philippine setting /

APA

Gregorio H. C., Gregorio C. M. & Title.Philosophy of education in Philippine setting. Philippines: .

Chicago

Gregorio Herman C, Gregorio Cornelia M and Title.Philosophy of education in Philippine setting. Philippines: .

Harvard

Gregorio H. C., Gregorio C. M. and Title.Philosophy of education in Philippine setting. Philippines: .

MLA

Gregorio Herman C, Gregorio Cornelia M and Title.Philippines: . .

  • Place hold
  • Print
  • Cite
  • Add to your cart (remove)
  • Save record
    BIBTEX Dublin Core MARCXML MARC (non-Unicode/MARC-8) MARC (Unicode/UTF-8) MARC (Unicode/UTF-8, Standard) MODS (XML) RIS
  • More searches
    Search for this title in:
    Other Libraries (WorldCat) Other Databases (Google Scholar) Online Stores (Bookfinder.com) Open Library (openlibrary.org)

Exporting to Dublin Core...

SOUTHVILLE LIBRARY

Southville International School and Colleges Library

1281 Tropical Ave. Cor. Luxembourg St., BF Homes International, Las Pinas City

Tel. No. 8256374 / 252358 Loc. 117/146

Powered by Koha